00426cam a2200169ua 45000010005000000080039000050400009000440410008000530820012000611000024000732450053000972500009001502600027001593000010001866530044001966530016002407884141230n ii |||gr||||Z||||||hin cMAIN ahin a891.431 aSarma. C.,eAuthor.1 aMoun athar mukharit antorcBy Chandrakanta Sarma a1st. aGuwahati:bEBH,c2008. a122p. aEast Indo-European & Celtic literatures aHindi poems